000 00458nam a22001937a 4500
003 MPLRDC
005 20220104184555.0
008 210129b ||||| |||| 00| 0 eng d
020 _a962-8943-69-2
082 _a857.7 FZQ-2
100 _a方芷晴
245 _a笑着痛
_c
250 _a初版一刷
260 _a香港
_b知出版有限公司
_c2007
300 _b
490 _a感爱. 3
650 _a长篇小说
942 _cBK
_o857.7 FZQ-2
999 _c62921
_d62911